Central Library OPAC University of Rajshahi

মার্কসবাদী সাহিত্য-বিতর্ক : (Record no. 57260)

MARC details
000 -LEADER
fixed length control field 01088nam a2200253 a 4500
001 - CONTROL NUMBER
control field 57260
003 - CONTROL NUMBER IDENTIFIER
rucl marc code BD-RjUL
005 - DATE AND TIME OF LATEST TRANSACTION
control field 20211209080505.0
008 - FIXED-LENGTH DATA ELEMENTS--GENERAL INFORMATION
fixed length control field 161207s2003 ii ||||| |||| 00| 0 ben d
020 ## - INTERNATIONAL STANDARD BOOK NUMBER
Terms of availability :IRs. 350.00
035 ## - SYSTEM CONTROL NUMBER
System control number (BD-RjUL)57384
040 ## - CATALOGING SOURCE
Original cataloging agency BD-RjUL
Language of cataloging ben
Transcribing agency BD-RjUL
041 ## - LANGUAGE CODE
Language code of text/sound track or separate title ben
082 ## - DEWEY DECIMAL CLASSIFICATION NUMBER
Edition number 23
Classification number 891.709
Author mark and year MAR 2003
245 00 - TITLE STATEMENT
Title মার্কসবাদী সাহিত্য-বিতর্ক :
Remainder of title [অখণ্ড] /
Statement of responsibility, etc. ধনঞ্জয় দাশ সম্পাদিত
250 ## - EDITION STATEMENT
Edition statement ১ম অখণ্ড সং.
260 ## - PUBLICATION, DISTRIBUTION, ETC. (IMPRINT)
Place of publication, distribution, etc. কলকাতা :
Name of publisher, distributor, etc. করুণা প্রকাশনী,
Date of publication, distribution, etc. ২০০৩
300 ## - PHYSICAL DESCRIPTION
Pagination ৬৭২ পৃ. ;
Size ২৪ সেমি.
500 ## - GENERAL NOTE
General note "(১ম, ২য়, ৩য় ৪র্থ খণ্ড একত্রে)"
650 ## - SUBJECT ADDED ENTRY--TOPICAL TERM
Topical term or geographic name as entry element রাশিয়ান সাহিত্য
General subdivision ইতিহাস ও সমালোচনা
9 (RLIN) 145591
Topical term or geographic name as entry element Russian Literature
General subdivision History and Criticism
9 (RLIN) 170044
700 ## - ADDED ENTRY--PERSONAL NAME
Personal name দাশ, ধনঞ্জয়, সম্পাদক
942 ## - ADDED ENTRY ELEMENTS (KOHA)
Source of classification or shelving scheme Dewey Decimal Classification
Koha item type Books
Holdings
Lost status Source of classification or shelving scheme Damaged status Not for loan Collection code Permanent Location Current Location Shelving location Date acquired Source of acquisition Cost, normal purchase price Total Checkouts Total Renewals Full call number Date last seen Date checked out Copy number Koha item type
  Dewey Decimal Classification     Non-fiction Central Library, University of Rajshahi Central Library, University of Rajshahi   09/06/2007 Paragogn Enterprise, Dhaka 350.00 13   B 891.709 MAR V-(1-4) 2003 13/03/2024 28/11/2023 C-2 Books
  Dewey Decimal Classification   Not For Loan Rare Books Central Library, University of Rajshahi Central Library, University of Rajshahi Rare Book Section 09/06/2007 Dhaka, Paragon Enterpries Ltd. 350.00     B 891.709 MAR V-(1-4) 2003 26/02/2017   C-1 Books